000 00371nam a2200145Ia 4500
005 20251222143133.0
008 251222s9999||||xx |||||||||||||| ||spa||
020 _a9789500731843
082 _a305.235/K62
100 _aKliksberg, Bernardo
245 0 _aEs Díficil Ser Joven en América Latina
250 _a1ra.ed.
264 _bEditorial Sudamericana
942 _cLIB
999 _c12006
_d12006